000 00368nam a2200157Ia 4500
008 230312s9999||||xx |||||||||||||| ||und||
020 _a81-7649-317-1
082 _a658.1553
_bHAR
100 _aHarris E
245 0 _aProcess Costing
260 _bCIMA
_aIndia
_c2002
300 _a81
546 _aEng.
650 _aManagement
_vdifferent methods of cost
942 _cBK
999 _c846
_d846